000 00496nam a2200181Ia 4500
999 _c10213
_d10213
003 OSt
005 20191231141334.0
008 190216s9999||||xx |||||||||||||| ||und||
040 _coclc
082 _a338.9
_bKUR/E
100 _aMadan, G R
_9977
245 0 _aEconomic Thinking In India /
_cG R Madan
250 _a1st ed.
260 _bS chand & Company,
_c1981.
_aNew Delhi:
300 _a407p
650 _aEconomics
942 _cBK
_2ddc
_h338.9
_iKUR/E
_k338.9
_mKUR/E